Comptage d'objets rapide - Mort subite - Statistiques

Statistiques générales
  • Ce quiz a été pris 3 059 fois
  • Le résultat moyen est 9 sur 20
Réponses sur la Carte
Les réponses sont colorées sur une échelle allant du rouge au vert en fonction du pourcentage des utilisateurs qui les ont devinées à leur premier essai. Vous pouvez retrouver ces pourcentages ci-dessous.
 
Statistiques - réponses
# % Correct
3
53%
2
52%
1
51%
8
51%
1
50%
9
50%
2
49%
5
49%
6
49%
1
48%
2
48%
2
48%
4
48%
7
48%
8
48%
2
47%
3
47%
3
47%
4
47%
4
47%
1
46%
2
46%
3
46%
6
46%
6
46%
3
45%
4
45%
4
45%
7
45%
8
45%
8
45%
9
45%
1
44%
2
44%
3
44%
4
44%
5
44%
5
44%
6
44%
9
44%
9
44%
9
44%
1
43%
1
43%
2
43%
3
43%
4
43%
4
43%
4
43%
5
43%
5
43%
6
43%
7
43%
8
43%
1
42%
1
42%
2
42%
4
42%
6
42%
8
42%
9
42%
1
41%
3
41%
3
41%
3
41%
5
41%
6
41%
9
41%
6
40%
7
40%
7
40%
7
40%
2
39%
5
39%
5
39%
5
39%
7
39%
7
39%
5
38%
9
38%
9
38%
8
37%
6
36%
6
36%
8
36%
9
36%
7
34%
7
34%
8
34%
8
33%
Aucun quiz correspondant
Distribution des résultats
% des personnes avec chaque résultat
Percentile par nombre de réponses
Votre historique - résultats
Vous n’avez pas pris ce quiz